[Event "Copper State Int A"]
[Site "Mesa USA"]
[Date "2010.06.04"]
[Round "1"]
[White "Bartholomew,J"]
[Black "Ippolito,D"]
[Result "1-0"]
[WhiteElo "2451"]
[BlackElo "2480"]
[EventDate "2010.06.04"]

1. d4 Nf6 2. c4 e6 3. Nc3 Bb4 4. e3 b6 5. Bd3 Bb7 6. Nf3 Ne4 7. O-O f5 8.
Ne2 O-O 9. a3 Be7 10. Nd2 Nxd2 11. Bxd2 c5 12. b4 cxd4 13. exd4 Bf6 14. Bc3
Nc6 15. Re1 Kh8 16. Rc1 Rc8 17. Bb1 Ne7 18. Ba2 b5 19. d5 Bxc3 20. Nxc3
bxc4 21. dxe6 dxe6 22. Rxe6 Ng6 23. Qxd8 Rfxd8 24. g3 Rd3 25. Bxc4 Rd2 26.
Bf1 Kg8 27. Ree1 f4 28. Nb1 Rdc2 29. Rxc2 Rxc2 30. Bd3 Ne5 31. Rxe5 Rc1+
32. Bf1 Rxb1 33. gxf4 Kf7 34. f3 Ra1 35. Ra5 Bxf3 36. Kf2 Be4 37. Rxa7+ Kf6
38. Be2 Bd5 39. Ra6+ Ke7 40. Ke3 Rh1 41. Ra5 Be6 42. b5 Rxh2 43. b6 Kd6 44.
Bf3 Rb2 45. b7 Kc7 46. Ra8 h5 47. a4 h4 48. a5 Rb3+ 49. Kd4 h3 50. a6 h2
51. Rh8 Bh3 52. Bh1 1-0

[Event "Copper State Int A"]
[Site "Mesa USA"]
[Date "2010.06.04"]
[Round "1"]
[White "Gareev,T"]
[Black "Krush,I"]
[Result "1-0"]
[WhiteElo "2599"]
[BlackElo "2455"]
[EventDate "2010.06.04"]

1. e4 c5 2. Nf3 e6 3. b3 d6 4. Bb5+ Nd7 5. Bb2 a6 6. Bxd7+ Bxd7 7. O-O Nf6
8. e5 Ng4 9. exd6 Bxd6 10. h3 Nf6 11. Ne5 O-O 12. f4 Nd5 13. Nc3 f6 14. Ne4
Be7 15. Nd3 b6 16. c4 Nc7 17. Qe2 Bc6 18. Ne1 Qc8 19. d3 Qb7 20. Rf3 Ne8
21. Rg3 Rf7 22. Nc2 Nd6 23. Nxd6 Bxd6 24. Qxe6 Bxf4 25. Rxg7+ Kxg7 26. Qg4+
Kf8 27. Qxf4 Bxg2 28. Ne3 Bxh3 29. Qh6+ Rg7+ 30. Kf2 Bg2 31. Bxf6 Qf3+ 32.
Ke1 Raa7 33. Kd2 Qf2+ 34. Kc3 b5 35. Nc2 Bf1 36. Bxg7+ Rxg7 37. Re1 b4+ 38.
Kb2 Be2 39. Rh1 Kg8 40. Rh2 1-0

[Event "Copper State Int A"]
[Site "Mesa USA"]
[Date "2010.06.04"]
[Round "1"]
[White "Stopa,Ja"]
[Black "Ramirez,Alej"]
[Result "0-1"]
[WhiteElo "2474"]
[BlackElo "2556"]
[EventDate "2010.06.04"]

1. e4 c5 2. Nf3 e6 3. Nc3 Ne7 4. g3 Nbc6 5. Bg2 Nd4 6. O-O Nec6 7. d3 Be7
8. Nxd4 cxd4 9. Ne2 O-O 10. c3 dxc3 11. bxc3 b6 12. c4 Bb7 13. Bb2 Rc8 14.
Nf4 d6 15. Rb1 Bf6 16. Ba3 Re8 17. Kh1 g6 18. Ne2 Bg7 19. Qa4 Qc7 20. Rfc1
Ne5 21. Qb3 f5 22. Nd4 Nf7 23. Nb5 Qb8 24. f4 fxe4 25. dxe4 e5 26. Rf1 exf4
27. Bxd6 Qa8 28. Bxf4 Bxe4 29. Bxe4 Rxe4 30. Qf3 Rexc4 31. Qxa8 Rxa8 32.
Rbe1 a6 33. Nc7 Rc8 34. Nd5 Rd8 35. Nxb6 Rc6 36. Nd5 Rxd5 37. Re8+ Bf8 38.
Bh6 0-1

[Event "Copper State Int A"]
[Site "Mesa USA"]
[Date "2010.06.04"]
[Round "2"]
[White "Ippolito,D"]
[Black "Ramirez,Alej"]
[Result "1/2-1/2"]
[WhiteElo "2480"]
[BlackElo "2556"]
[EventDate "2010.06.04"]

1. d4 Nf6 2. c4 c5 3. d5 b5 4. Nf3 b4 5. Bg5 d6 6. Nbd2 g6 7. e4 Bg7 8. Be2
O-O 9. O-O h6 10. Bxf6 Bxf6 11. Qc2 Bg4 12. a3 Nd7 13. axb4 cxb4 14. Nb3
Bxf3 15. Bxf3 a5 16. Ra4 Qc7 17. Rfa1 Nb6 18. Rxa5 Rxa5 19. Nxa5 Ra8 20.
Be2 Qc5 21. Nb3 Rxa1+ 22. Nxa1 Qd4 23. Nb3 Qxb2 24. Qxb2 Bxb2 25. c5 dxc5
26. Nxc5 Kg7 27. Kf1 Bd4 1/2-1/2

[Event "Copper State Int A"]
[Site "Mesa USA"]
[Date "2010.06.04"]
[Round "2"]
[White "Andrianov,Nikolai"]
[Black "Stopa,Ja"]
[Result "1-0"]
[WhiteElo "2409"]
[BlackElo "2474"]
[EventDate "2010.06.04"]

1. Nf3 e6 2. b3 b6 3. g3 Bb7 4. Bg2 f5 5. Bb2 Nf6 6. O-O Be7 7. d4 O-O 8.
c4 Qe8 9. Nc3 Ne4 10. d5 Na6 11. Nd4 Qg6 12. Nxe4 fxe4 13. dxe6 c5 14. Nf5
Qxe6 15. Nxg7 Qc6 16. Nh5 Bg5 17. h4 Be7 18. e3 Rf7 19. Qd2 h6 20. Rad1 Rd8
21. Qc3 Kh7 22. Rd5 Qe6 23. Nf4 1-0

[Event "Copper State Int A"]
[Site "Mesa USA"]
[Date "2010.06.04"]
[Round "2"]
[White "Bartholomew,J"]
[Black "Lenderman,A"]
[Result "1-0"]
[WhiteElo "2451"]
[BlackElo "2598"]
[EventDate "2010.06.04"]

1. d4 d5 2. c4 c6 3. Nf3 Nf6 4. Nc3 dxc4 5. e3 b5 6. a4 b4 7. Na2 e6 8.
Bxc4 Nbd7 9. O-O c5 10. Qe2 Bb7 11. Rd1 cxd4 12. Nxd4 Bc5 13. Nb3 Be7 14.
Bd2 a5 15. Bb5 O-O 16. Be1 Bd5 17. Nd4 Qb6 18. f3 Bc5 19. Bf2 Rfd8 20. Nc1
e5 21. Ndb3 e4 22. fxe4 Bxe4 23. Nd3 Bd6 24. Rac1 Ne5 25. h3 Nxd3 26. Bxd3
Bxd3 27. Rxd3 Ne4 28. Rcd1 Qc7 29. Qf3 Re8 30. Nd4 Qc5 31. Nb5 Be5 32. Rd7
Nf6 33. R7d2 b3 34. Nd4 Ne4 35. Rd3 Qc4 36. Kh1 Nxf2+ 37. Qxf2 Rab8 38. Qf3
Rb6 39. Nf5 g6 40. Rd8 Qe6 41. Nd4 Qe7 42. Rxe8+ Qxe8 43. Qd5 Bc7 44. Nb5
Bg3 45. Qg5 Rxb5 46. axb5 Bc7 47. Qc5 Bg3 48. b6 a4 49. Qg5 Qe5 50. Qxe5
Bxe5 51. b7 1-0

[Event "Copper State Int A"]
[Site "Mesa USA"]
[Date "2010.06.05"]
[Round "3"]
[White "Gareev,T"]
[Black "Bartholomew,J"]
[Result "1-0"]
[WhiteElo "2599"]
[BlackElo "2451"]
[EventDate "2010.06.04"]

1. d4 d5 2. c4 c6 3. Nf3 Nf6 4. e3 Bf5 5. Nc3 e6 6. Nh4 Bg6 7. Qb3 Qb6 8.
Nxg6 hxg6 9. Bd2 Nbd7 10. Be2 Be7 11. Rc1 O-O 12. O-O Rac8 13. Rfd1 Qc7 14.
Be1 Qb8 15. h3 Rfe8 16. a3 dxc4 17. Bxc4 b5 18. Be2 a6 19. a4 e5 20. Bd3
exd4 21. exd4 Kf8 22. Bb1 Bd6 23. Ba2 Re7 24. Bd2 Nb6 25. axb5 axb5 26. Bg5
Bh2+ 27. Kh1 Bf4 28. Bxf4 Qxf4 29. Qb4 Rce8 30. Kg1 Kg8 31. Rf1 Ne4 32.
Nxe4 Qxe4 33. Qd6 Nc8 34. Qxc6 Qxd4 35. Qxb5 Nd6 36. Qg5 Ne4 37. Qb5 Ng3
38. Bxf7+ Rxf7 39. Qxe8+ Rf8 40. Qe6+ Kh7 41. Rc4 1-0

[Event "Copper State Int A"]
[Site "Mesa USA"]
[Date "2010.06.05"]
[Round "3"]
[White "Lenderman,A"]
[Black "Ippolito,D"]
[Result "1-0"]
[WhiteElo "2598"]
[BlackElo "2480"]
[EventDate "2010.06.04"]

1. d4 Nf6 2. c4 e6 3. g3 Bb4+ 4. Bd2 Qe7 5. Bg2 Nc6 6. Nf3 Bxd2+ 7. Nbxd2
d6 8. O-O a5 9. e4 e5 10. d5 Nb8 11. Ne1 O-O 12. Nd3 Bd7 13. f4 Ng4 14. Qe2
f6 15. f5 Nh6 16. h3 Na6 17. Qe3 Nf7 18. b3 Rfb8 19. Rac1 Nc5 20. a3 Nxd3
21. Qxd3 b5 22. cxb5 Bxb5 23. Nc4 c5 24. dxc6 Bxc6 25. Rfd1 Qb7 26. Nxd6
Nxd6 27. Qxd6 Be8 28. Rc7 Qxb3 29. Kh2 Bf7 30. Rd3 Qa2 31. Rd2 Qb3 32. Qc6
Kh8 33. Qd7 Rf8 34. Qe7 h6 35. Rdd7 Kh7 36. Qe6 Qxe6 37. fxe6 Bg8 38. Rxg7+
Kh8 39. Bf3 Rfb8 40. Rg6 Rb2+ 41. Bg2 Bxe6 42. Rxh6+ Kg8 43. Rg6+ Kh8 44.
Rxf6 Ba2 45. g4 Bb1 46. Kg3 Rb3+ 47. Kh4 Rxa3 48. Kh5 Ba2 49. Bf3 a4 50.
Kh6 Bg8 51. g5 Rxf3 52. Rxf3 a3 53. g6 Bb3 54. Rxb3 a2 55. Ra3 1-0

[Event "Copper State Int A"]
[Site "Mesa USA"]
[Date "2010.06.06"]
[Round "4"]
[White "Ippolito,D"]
[Black "Andrianov,Nikolai"]
[Result "1-0"]
[WhiteElo "2480"]
[BlackElo "2409"]
[EventDate "2010.06.04"]

1. d4 Nf6 2. c4 c5 3. d5 e5 4. Nc3 d6 5. e4 g6 6. h3 Bg7 7. Bd3 Na6 8. a3
Nc7 9. b4 O-O 10. Bg5 h6 11. Be3 Nd7 12. Qc1 Kh7 13. g4 cxb4 14. axb4 a5
15. Rxa5 Rxa5 16. bxa5 Na6 17. Qa3 Ndc5 18. Bc2 f5 19. gxf5 gxf5 20. h4 Kh8
21. Nge2 f4 22. Bd2 Bf6 23. Nb5 Rg8 24. Qb2 Rg2 25. Bc3 f3 26. Nf4 Qg8 27.
Nxd6 Rg1+ 28. Kd2 Rxh1 29. Bxe5 Qg1 30. Bxf6+ Kg8 31. Ke3 Bg4 32. Ng6 Qc1+
33. Qxc1 Rxc1 34. Kd2 Rf1 35. Bd4 Bd7 36. e5 Ba4 37. e6 Bxc2 38. Kxc2 Re1
39. Bxc5 Nxc5 40. e7 Re2+ 41. Kd1 Nd3 42. e8=Q+ Rxe8 43. Nxe8 Nxf2+ 44. Ke1
Nd3+ 45. Kd2 f2 46. Ke2 Kf7 47. Nd6+ Kxg6 48. Nxb7 Kf5 49. a6 Kf4 50. a7
Kg3 51. a8=Q Nf4+ 52. Kf1 1-0

[Event "Copper State Int A"]
[Site "Mesa USA"]
[Date "2010.06.06"]
[Round "4"]
[White "Bartholomew,J"]
[Black "Shankland,S"]
[Result "0-1"]
[WhiteElo "2451"]
[BlackElo "2507"]
[EventDate "2010.06.04"]

1. Nf3 d5 2. d4 Nf6 3. c4 c6 4. Nc3 dxc4 5. a4 Bf5 6. Ne5 Nbd7 7. Nxc4 Qc7
8. g3 e5 9. dxe5 Nxe5 10. Bf4 Nfd7 11. Bg2 f6 12. O-O O-O-O 13. Nxe5 Nxe5
14. Qb3 Qf7 15. Qxf7 Nxf7 16. Rac1 a6 17. Nd5 Bd6 18. b4 Kb8 19. Ne3 Bxf4
20. gxf4 Bc8 21. Nc4 Rhe8 22. e3 Be6 23. Na5 Bd5 24. Rfd1 Bxg2 25. Kxg2 Re4
26. Rxd8+ Nxd8 27. Rc4 Rxc4 28. Nxc4 b5 29. axb5 cxb5 30. Nb2 Nc6 31. Nd3
Kc7 32. e4 Kb6 33. Kf3 a5 34. bxa5+ Kxa5 35. Kg4 b4 36. e5 Nd4 37. exf6
gxf6 38. f5 b3 39. Kf4 Kb5 40. Ke4 Kc4 41. Nb2+ Kc3 42. Na4+ Kb4 43. Nb2
Nb5 44. Kd5 Kc3 45. Nc4 Nd4 46. Na3 b2 47. Nb1+ Kd3 48. Kd6 Nb5+ 0-1

[Event "Copper State Int A"]
[Site "Mesa USA"]
[Date "2010.06.06"]
[Round "4"]
[White "Lenderman,A"]
[Black "Gareev,T"]
[Result "1-0"]
[WhiteElo "2598"]
[BlackElo "2599"]
[EventDate "2010.06.04"]

1. d4 e6 2. Nf3 Nf6 3. g3 b5 4. Bg2 Bb7 5. O-O c5 6. a4 b4 7. c4 d6 8. dxc5
d5 9. a5 dxc4 10. Qa4+ Bc6 11. Qxb4 Nbd7 12. Qxc4 Bxc5 13. Be3 Bd5 14. Qc3
Rc8 15. Bxc5 Nxc5 16. Qe3 Nb3 17. Ra4 O-O 18. Nc3 Bc6 19. Rb4 Nxa5 20. Qxa7
Nd5 21. Rd1 Ba8 22. Nxd5 Bxd5 23. Ne5 Ra8 24. Qc5 Rc8 25. Qb5 Qc7 26. Bxd5
Rb8 27. Qa4 Qxe5 28. Bf3 Rxb4 29. Qxb4 Rb8 30. Rd6 1-0

[Event "Copper State Int A"]
[Site "Mesa USA"]
[Date "2010.06.06"]
[Round "5"]
[White "Stopa,Ja"]
[Black "Bartholomew,J"]
[Result "1-0"]
[WhiteElo "2474"]
[BlackElo "2451"]
[EventDate "2010.06.04"]

1. e4 e5 2. Nf3 Nc6 3. Bc4 Bc5 4. b4 Bxb4 5. c3 Ba5 6. d4 exd4 7. Qb3 Qe7
8. O-O Nf6 9. Ba3 d6 10. cxd4 Bb6 11. Qd3 O-O 12. e5 Ne8 13. Nbd2 a5 14.
Rae1 Qd8 15. d5 Nb4 16. Bxb4 axb4 17. e6 fxe6 18. dxe6 Qe7 19. Ng5 Qxg5 20.
e7+ Rf7 21. Bxf7+ Kxf7 22. Qb3+ Kg6 23. Nf3 Qf6 24. Re4 Bd7 25. Qd5 h6 26.
Qg8 Ra5 27. Rfe1 b3 28. axb3 Ra1 29. Ne5+ dxe5 30. Rxa1 Qxf2+ 31. Kh1 Nf6
32. Qc4 Bc6 33. Rf1 Qd2 34. Rg4+ Kh5 35. Rxg7 Bd5 36. e8=B+ Nxe8 37. Qg4+
1-0

[Event "Copper State Int A"]
[Site "Mesa USA"]
[Date "2010.06.07"]
[Round "6"]
[White "Bartholomew,J"]
[Black "Ramirez,Alej"]
[Result "1/2-1/2"]
[WhiteElo "2451"]
[BlackElo "2556"]
[EventDate "2010.06.04"]

1. Nf3 d5 2. d4 Nf6 3. c4 c6 4. Nc3 a6 5. c5 Bf5 6. Bf4 Nbd7 7. e3 Nh5 8.
Be5 f6 9. Bg3 e5 10. Nh4 Bg6 11. Qb3 Qc7 12. O-O-O Bf7 13. Be2 Nxg3 14.
hxg3 g6 15. Qc2 Bg7 16. Nf3 O-O 17. Kb1 Rfb8 18. dxe5 Nxe5 19. e4 Rd8 20.
Nxe5 Qxe5 21. exd5 cxd5 22. Rhe1 d4 23. Bc4 Qxc5 24. Bxf7+ Kxf7 25. Qb3+
Kf8 26. Ne4 Qd5 27. Qb6 Rac8 28. Nxf6 Qf5+ 29. Ne4 Qd5 30. Nf6 Qf5+ 31. Ne4
Qd5 1/2-1/2

[Event "Copper State Int A"]
[Site "Mesa USA"]
[Date "2010.06.07"]
[Round "6"]
[White "Lenderman,A"]
[Black "Stopa,Ja"]
[Result "1/2-1/2"]
[WhiteElo "2598"]
[BlackElo "2474"]
[EventDate "2010.06.04"]

1. d4 d5 2. c4 c6 3. Nf3 Nf6 4. Nc3 e6 5. g3 dxc4 6. Bg2 Nbd7 7. O-O b5 8.
Qc2 Bb7 9. Bg5 Qb6 10. Ne5 Rd8 11. b3 cxb3 12. axb3 Be7 13. Ne4 Nxe4 14.
Bxe7 Kxe7 15. Qxe4 Nxe5 16. dxe5 Rd4 17. Qc2 g6 18. Qc1 Ra8 19. h4 h5 20.
Ra2 a5 21. Rc2 a4 22. b4 a3 23. Ra2 Rxb4 24. Rxa3 Rxa3 25. Qxa3 c5 26. Bxb7
Qxb7 27. Rd1 Ke8 28. Rc1 Qd5 29. Qa7 Rc4 30. Qb8+ Ke7 31. Ra1 Ra4 32. Rc1
Rc4 33. Ra1 Ra4 34. Rc1 Qc6 35. Qh8 Rd4 36. Qf6+ Kf8 37. Qh8+ Ke7 38. Ra1
Ra4 39. Qf6+ Ke8 40. Qh8+ Kd7 41. Rd1+ Rd4 42. Ra1 Ra4 1/2-1/2

[Event "Copper State Int A"]
[Site "Mesa USA"]
[Date "2010.06.08"]
[Round "7"]
[White "Stopa,Ja"]
[Black "Gareev,T"]
[Result "1/2-1/2"]
[WhiteElo "2474"]
[BlackElo "2599"]
[EventDate "2010.06.04"]

1. e4 e5 2. Nf3 Nf6 3. Nc3 Nc6 4. Bb5 Nd4 5. Nxd4 exd4 6. e5 dxc3 7. exf6
Qxf6 8. dxc3 Qe5+ 9. Be2 Bc5 10. O-O O-O 11. Bd3 d6 12. Qf3 Rb8 13. Bf4 Qf6
14. Qg3 Bf5 15. Bg5 Qg6 16. Rae1 Rfe8 17. Bd2 Qxg3 18. hxg3 Bg6 19. Rxe8+
Rxe8 20. Re1 Kf8 21. Kf1 a5 1/2-1/2

[Event "Copper State Int A"]
[Site "Mesa USA"]
[Date "2010.06.08"]
[Round "7"]
[White "Ramirez,Alej"]
[Black "Lenderman,A"]
[Result "1-0"]
[WhiteElo "2556"]
[BlackElo "2598"]
[EventDate "2010.06.04"]

1. d4 d5 2. c4 c6 3. Nf3 Nf6 4. e3 Bf5 5. Nc3 e6 6. Nh4 Be4 7. f3 Bg6 8.
Qb3 Qc7 9. Bd2 Be7 10. O-O-O dxc4 11. Bxc4 b5 12. Be2 a6 13. Nxg6 hxg6 14.
f4 Nbd7 15. Bf3 Rc8 16. g4 Nb6 17. Kb1 Nc4 18. Ne2 Nd5 19. Bc1 g5 20. f5 e5
21. dxe5 Qxe5 22. Nd4 Rxh2 23. Nxc6 Rxc6 24. Rxh2 Qxh2 25. Bxd5 Rc5 26. Qd3
Bd6 27. b4 Ne5 28. Qe4 Rxc1+ 29. Kxc1 Bc7 30. Bb3 Qe2 31. Kb1 Qxg4 32. Qa8+
Ke7 33. Qb7 1-0

[Event "Copper State Int A"]
[Site "Mesa USA"]
[Date "2010.06.08"]
[Round "7"]
[White "Shankland,S"]
[Black "Ippolito,D"]
[Result "1-0"]
[WhiteElo "2507"]
[BlackElo "2480"]
[EventDate "2010.06.04"]

1. d4 d5 2. c4 e6 3. Nf3 Nf6 4. Nc3 Bb4 5. cxd5 exd5 6. Bg5 O-O 7. e3 c5 8.
dxc5 Be6 9. Rc1 Nbd7 10. a3 Bxc5 11. Be2 Rc8 12. O-O h6 13. Bh4 a6 14. Nd4
Be7 15. Bd3 Qb6 16. Bf5 Bd8 17. Rc2 Bxf5 18. Nxf5 Qe6 19. Nd4 Qg4 20. Qxg4
Nxg4 21. Bxd8 Rfxd8 22. Nxd5 Rxc2 23. Nxc2 Ndf6 24. Nxf6+ Nxf6 25. Nd4 Rc8
26. Rd1 Kf8 27. Kf1 g6 28. Ke2 Ke7 29. f3 Nd7 30. Rd2 Rc1 31. Rc2 Rb1 32.
Nb3 b6 33. Nd2 Rg1 34. Kf2 Rd1 35. e4 a5 36. Nc4 Rb1 37. Rd2 a4 38. Ne3 Nf6
39. Nd1 Nd7 40. Nc3 Rh1 41. h3 Nc5 42. Nd5+ Ke6 43. Nxb6 Rb1 44. Ke3 f5 45.
Rc2 Re1+ 46. Kd2 Rb1 47. exf5+ gxf5 48. Kc3 h5 49. Kc4 Kd6 50. Nc8+ Kc6 51.
Kb4 1-0

[Event "Copper State Int A"]
[Site "Mesa USA"]
[Date "2010.06.08"]
[Round "8"]
[White "Gareev,T"]
[Black "Ramirez,Alej"]
[Result "1-0"]
[WhiteElo "2599"]
[BlackElo "2556"]
[EventDate "2010.06.04"]

1. d4 d5 2. c4 c6 3. Nc3 Nf6 4. Nf3 a6 5. c5 Bf5 6. Bf4 Nbd7 7. h3 e6 8. e3
h6 9. Be2 Be7 10. Nd2 Bh7 11. b4 O-O 12. a4 Qc8 13. Bh2 Re8 14. a5 Ne4 15.
Ncxe4 Bxe4 16. Nxe4 dxe4 17. Bc4 Bd8 18. Qc2 f5 19. g4 Kh8 20. Qb3 Bh4 21.
O-O-O Nf6 22. Be5 Qd7 23. Rh2 Nd5 24. gxf5 exf5 25. Rg2 Re7 26. Rg6 Nf6 27.
Rdg1 Rae8 28. Qa2 Kh7 29. Bd6 Bg5 30. R6xg5 hxg5 31. Rxg5 f4 32. Bxf4 Qxh3
33. Qe2 g6 34. Bd6 Rd7 35. Qe1 Nd5 36. Qg1 Re6 37. Rg3 Qf5 38. Qh2+ Kg7 39.
Rh3 Re8 40. Rh7+ Kf6 41. Rxd7 Qxd7 42. Be5+ Ke6 43. Qh3+ Ke7 44. Qh4+ Ke6
45. Qf6+ 1-0

[Event "Copper State Int A"]
[Site "Mesa USA"]
[Date "2010.06.09"]
[Round "9"]
[White "Ramirez,Alej"]
[Black "Shankland,S"]
[Result "1/2-1/2"]
[WhiteElo "2556"]
[BlackElo "2507"]
[EventDate "2010.06.04"]

1. d4 d5 2. c4 c6 3. Nf3 Nf6 4. e3 Bf5 5. Nc3 e6 6. Nh4 Be4 7. f3 Bg6 8.
Qb3 Qc7 9. Bd2 Be7 10. O-O-O a6 11. cxd5 cxd5 12. Nxg6 hxg6 13. Kb1 Nc6 14.
g4 O-O 15. g5 Ne8 16. h4 Nd6 17. Bd3 Rfc8 18. h5 gxh5 19. Nxd5 exd5 20.
Qxd5 g6 21. Bxg6 Bf8 22. Rxh5 Bg7 23. Bd3 Ne7 24. Qb3 Nc4 25. Bb4 b5 26. f4
a5 27. Bc5 Qd7 28. a4 Qe6 29. Bxe7 Qxe7 30. g6 bxa4 31. Qxa4 Nd6 32. gxf7+
Kf8 33. Qa3 Rc7 34. Rg1 Nxf7 35. Qxe7+ Rxe7 36. Rh7 Nd6 37. Rg6 Rd8 38. f5
Rf7 39. Bc2 Nc4 40. Bb3 Nd2+ 41. Kc2 Nxb3 42. Kxb3 Re8 43. Rg3 Rb8+ 44. Ka2
Rb5 45. Rg5 Rfb7 46. Rh2 a4 47. Re2 Rf7 48. Rh5 Rfb7 49. Rg5 Rb3 50. Rg6
Rf7 1/2-1/2

[Event "Copper State Int A"]
[Site "Mesa USA"]
[Date "2010.06.09"]
[Round "9"]
[White "Andrianov,Nikolai"]
[Black "Gareev,T"]
[Result "1/2-1/2"]
[WhiteElo "2409"]
[BlackElo "2599"]
[EventDate "2010.06.04"]

1. d4 Nf6 2. Nf3 g6 3. Bf4 Bg7 4. e3 d6 5. h3 O-O 6. Be2 Nfd7 7. O-O e5 8.
Bh2 Nc6 9. c4 exd4 10. exd4 Qf6 11. Nc3 Nxd4 12. Nxd4 Qxd4 13. Nd5 c6 14.
Ne7+ Kh8 15. Bxd6 Re8 16. Bg4 Nb6 17. Qxd4 Bxd4 18. Rad1 Bf6 19. Nxc8
1/2-1/2

[Event "Copper State Int A"]
[Site "Mesa USA"]
[Date "2010.06.09"]
[Round "9"]
[White "Stopa,Ja"]
[Black "Ippolito,D"]
[Result "1/2-1/2"]
[WhiteElo "2474"]
[BlackElo "2480"]
[EventDate "2010.06.04"]

1. e4 e5 2. Nf3 Nf6 3. d4 Nxe4 4. Bd3 Nc6 5. Nxe5 Nxe5 6. Bxe4 d5 7. dxe5
dxe4 8. Qxd8+ Kxd8 9. Nc3 Bb4 10. Bg5+ Ke8 11. O-O-O Bg4 12. Rd4 Bxc3 13.
bxc3 h6 14. Rxe4 Bh3 15. gxh3 hxg5 16. Rg1 Rxh3 17. Rxg5 Kf8 18. Reg4 Re8
19. Rxg7 Rxe5 20. Rg8+ Ke7 21. Rc4 Kd7 22. Rf4 Re7 23. Rf8 Ke6 24. Ra8 Ke5
25. Rc4 Rxh2 26. Rxa7 Rxf2 27. Rxb7 1/2-1/2